[Event "SCO-ch op 128th"]
[Site "Dunfermline"]
[Date "2023.07.09"]
[Round "4"]
[White "Mollison, Jamie"]
[Black "Murray, Frankie"]
[Result "1-0"]
[WhiteElo "1878"]
[BlackElo "1638"]
[PlyCount "61"]
[EventDate "2023.07.07"]
[EventType "swiss"]
[EventRounds "5"]
[EventCountry "SCO"]
[SourceTitle "CBM 215 Extra"]
[Source "ChessBase"]
[SourceDate "2023.09.30"]
[SourceVersion "1"]
[SourceVersionDate "2023.09.30"]
[SourceQuality "1"]

1. b3 f5 2. Bb2 Nf6 3. f4 g6 4. Bxf6 exf6 5. g3 d5 6. Bg2 c5 7. Nf3 Nc6 8. 0-0 Be6 9. d3 Bd6 10. Nbd2 0-0 11. a3 Rc8 12. c3 Re8 13. Re1 b5 14. Qc2 Qb6 15. Kh1 a5 16. Qb2 Rc7 17. e4 fxe4 18. dxe4 d4 19. Rac1 Rec8 20. e5 fxe5 21. Ne4 Be7 22. fxe5 dxc3 23. Rxc3 b4 24. axb4 cxb4 25. Rcc1 Nd8 26. Rxc7 Rxc7 27. Rd1 Qe3 28. Nd4 Bf5 29. Nxf5 gxf5 30. Nf6+ Kg7 31. Ne8+ 1-0

[Event "Newcastle Northumbria Masters"]
[Site "Newcastle on Tyne"]
[Date "2022.08.30"]
[Round "8"]
[White "Isik, Muhammed Oguz"]
[Black "Mollison, Jamie"]
[Result "1-0"]
[WhiteElo "1597"]
[BlackElo "1909"]
[PlyCount "108"]
[EventDate "2022.08.26"]
[EventType "swiss"]
[EventRounds "9"]
[EventCountry "ENG"]
[SourceTitle "CBM 210 Extra"]
[Source "ChessBase"]
[SourceDate "2022.11.30"]
[SourceVersion "1"]
[SourceVersionDate "2022.11.30"]
[SourceQuality "1"]

1. e4 e6 2. d3 d5 3. Qe2 dxe4 4. dxe4 e5 5. Nf3 Nc6 6. b3 Bg4 7. c3 a6 8. Nbd2 Bc5 9. Qc4 Qe7 10. b4 Bb6 11. Qb3 Nf6 12. Be2 Rd8 13. a4 0-0 14. Ba3 Bxf3 15. Bxf3 Bxf2+ 16. Ke2 Rfe8 17. Qc2 Qd7 18. Rhd1 Bb6 19. Nc4 Qe6 20. Nxb6 cxb6 21. Kf2 Ng4+ 22. Bxg4 Qxg4 23. b5 Qh4+ 24. Kg1 Na5 25. Qe2 axb5 26. Qxb5 Qf6 27. Rd6 Re6 28. Rad1 Rdxd6 29. Rxd6 h6 30. Qxb6 Nc4 31. Qd8+ Qxd8 32. Rxd8+ Kh7 33. Bb4 b6 34. Kf2 Nb2 35. a5 bxa5 36. Bxa5 Rc6 37. Ke2 Rc4 38. Ke3 Ra4 39. Bb4 Ra2 40. Rd7 Kg6 41. g3 Nc4+ 42. Kd3 Rd2+ 43. Kxc4 Rxd7 44. Kb5 Kf6 45. Kc6 Ke6 46. Bc5 Rd2 47. c4 Rxh2 48. Bf8 g6 49. Kc7 h5 50. c5 Rh3 51. c6 Rxg3 52. Kb6 Rb3+ 53. Ka6 h4 54. Bc5 h3 1-0

[Event "Newcastle Northumbria Masters"]
[Site "Newcastle on Tyne"]
[Date "2022.08.29"]
[Round "7"]
[White "Mollison, Jamie"]
[Black "Davis, Cameron"]
[Result "0-1"]
[WhiteElo "1909"]
[BlackElo "1783"]
[PlyCount "66"]
[EventDate "2022.08.26"]
[EventType "swiss"]
[EventRounds "9"]
[EventCountry "ENG"]
[SourceTitle "CBM 210 Extra"]
[Source "ChessBase"]
[SourceDate "2022.11.30"]
[SourceVersion "1"]
[SourceVersionDate "2022.11.30"]
[SourceQuality "1"]

1. b3 Nf6 2. Bb2 g6 3. Bxf6 exf6 4. c4 d5 5. cxd5 Qxd5 6. Nc3 Qd8 7. g3 Ba3 8. Bg2 c6 9. Nf3 0-0 10. 0-0 Re8 11. e3 Bf5 12. Nd4 Bd3 13. Re1 Bb2 14. h4 Bxa1 15. Qxa1 h5 16. b4 Nd7 17. f4 f5 18. Na4 Qe7 19. Qc3 Be4 20. d3 Bxg2 21. Kxg2 Nf6 22. Nc5 Nd5 23. Qd2 a5 24. a3 axb4 25. axb4 Ra3 26. e4 Nf6 27. e5 Ng4 28. Rc1 Rea8 29. Kh3 Qd8 30. Nc2 R3a7 31. e6 fxe6 32. Qe2 Qd5 33. Nxe6 Re8 0-1

[Event "Newcastle Northumbria Masters"]
[Site "Newcastle on Tyne"]
[Date "2019.08.27"]
[Round "9"]
[White "Mollison, Jamie"]
[Black "Birtwistle, Nigel"]
[Result "1/2-1/2"]
[WhiteElo "1929"]
[BlackElo "2144"]
[PlyCount "63"]
[EventDate "2019.08.23"]
[EventType "swiss"]
[EventRounds "9"]
[EventCountry "ENG"]
[SourceTitle "EXT 2020"]
[Source "ChessBase"]
[SourceDate "2019.10.17"]
[SourceVersion "1"]
[SourceVersionDate "2019.10.17"]
[SourceQuality "1"]

1. b3 e5 2. Bb2 Nc6 3. e3 d6 4. c4 g6 5. g3 Bg7 6. Bg2 Nge7 7. a3 Be6 8. d3 0-0 9. Nc3 f5 10. Nge2 Qd7 11. Qc2 d5 12. cxd5 Nxd5 13. Nxd5 Bxd5 14. Bxd5+ Qxd5 15. Qc4 Qxc4 16. bxc4 Rfd8 17. 0-0-0 Rd7 18. Bc3 Rad8 19. Kc2 a5 20. Rd2 b6 21. Rhd1 Kf7 22. d4 exd4 23. exd4 Bh6 24. f4 Bf8 25. d5 Nb8 26. a4 Na6 27. Nd4 Nc5 28. Nc6 Nxa4 29. Nxd8+ Rxd8 30. Bd4 Nc5 31. Bxc5 Bxc5 32. Kb3 1/2-1/2

[Event "Newcastle Northumbria Masters"]
[Site "Newcastle on Tyne"]
[Date "2019.08.26"]
[Round "6"]
[White "Brown, Martin"]
[Black "Mollison, Jamie"]
[Result "1/2-1/2"]
[WhiteElo "2265"]
[BlackElo "1929"]
[PlyCount "35"]
[EventDate "2019.08.23"]
[EventType "swiss"]
[EventRounds "9"]
[EventCountry "ENG"]
[SourceTitle "EXT 2020"]
[Source "ChessBase"]
[SourceDate "2019.10.17"]
[SourceVersion "1"]
[SourceVersionDate "2019.10.17"]
[SourceQuality "1"]

1. e4 e6 2. d4 d5 3. Nd2 Nf6 4. e5 Nfd7 5. c3 c5 6. f4 Nc6 7. Ndf3 cxd4 8. cxd4 f5 9. Bd3 Be7 10. Ne2 Nb6 11. 0-0 0-0 12. Kh1 Bd7 13. Rg1 Be8 14. h3 a5 15. g4 Bg6 16. Ng5 Bxg5 17. fxg5 Nb4 18. Nf4 1/2-1/2

[Event "Newcastle Northumbria Masters"]
[Site "Newcastle on Tyne"]
[Date "2019.08.26"]
[Round "7"]
[White "Mollison, Jamie"]
[Black "Izod, Chris"]
[Result "1-0"]
[WhiteElo "1929"]
[BlackElo "1943"]
[PlyCount "43"]
[EventDate "2019.08.23"]
[EventType "swiss"]
[EventRounds "9"]
[EventCountry "ENG"]
[SourceTitle "EXT 2020"]
[Source "ChessBase"]
[SourceDate "2019.10.17"]
[SourceVersion "1"]
[SourceVersionDate "2019.10.17"]
[SourceQuality "1"]

1. b3 d5 2. Bb2 c5 3. e3 Nf6 4. Nf3 g6 5. c4 Bg7 6. cxd5 0-0 7. Bxf6 Bxf6 8. Nc3 Qa5 9. Rc1 Bxc3 10. Rxc3 Qxa2 11. Rxc5 Na6 12. Qc2 Qxc2 13. Rxc2 Nb4 14. Rc5 b6 15. Rb5 Nc2+ 16. Kd1 Bf5 17. d6 Rac8 18. dxe7 Rfe8 19. Re5 Na3 20. Nd4 Bc2+ 21. Nxc2 Rxc2 22. Bb5 1-0

[Event "SCO-ch 122nd"]
[Site "Edinburgh"]
[Date "2015.07.18"]
[Round "8"]
[White "Mollison, Jamie"]
[Black "Birkett, Richard"]
[Result "0-1"]
[WhiteElo "1888"]
[BlackElo "2058"]
[PlyCount "110"]
[EventDate "2015.07.11"]
[EventType "swiss"]
[EventRounds "9"]
[EventCountry "SCO"]
[SourceTitle "CBM 167 Extra"]
[Source "ChessBase"]
[SourceDate "2015.09.14"]
[SourceVersion "1"]
[SourceVersionDate "2015.09.14"]
[SourceQuality "1"]

1. Nf3 d5 2. b3 Nf6 3. Bb2 c5 4. e3 Nc6 5. Bb5 Bg4 6. h3 Bh5 7. g4 Bg6 8. Ne5 Qd6 9. Bxc6+ bxc6 10. Nxg6 hxg6 11. Qf3 e5 12. Nc3 e4 13. Qg2 0-0-0 14. 0-0-0 Qe6 15. f3 g5 16. fxe4 dxe4 17. Qe2 Kb7 18. Na4 Nd7 19. Ba3 Qe5 20. Bb2 Qe6 21. Rdf1 f6 22. Ba3 Bd6 23. Bb2 Nb6 24. Nc3 c4 25. Rf5 Be5 26. Kb1 Bxc3 27. Bxc3 Rd5 28. Qf2 Rxf5 29. gxf5 Qd5 30. Qf1 Rh4 31. Rh2 cxb3 32. axb3 Nc8 33. Rf2 a5 34. Kb2 Nd6 35. Bd4 c5 36. c4 Qc6 37. Bc3 a4 38. Rg2 Qb6 39. Qd1 Nxc4+ 40. Ka2 axb3+ 41. Qxb3 Qxb3+ 42. Kxb3 Nd6 43. Ba5 Rxh3 44. Bd8 Nxf5 45. Rg4 Rh4 46. Rg2 g4 47. Kc4 Kc6 48. Rf2 Nd6+ 49. Kc3 g3 50. Rg2 Nf5 51. d3 Rg4 52. dxe4 Nh4 53. Rg1 g2 54. e5 Nf3 55. exf6 gxf6 0-1

[Event "SCO-ch 122nd"]
[Site "Edinburgh"]
[Date "2015.07.17"]
[Round "7"]
[White "Mollison, Jamie"]
[Black "Doyle, James J"]
[Result "1-0"]
[WhiteElo "1888"]
[BlackElo "1962"]
[PlyCount "103"]
[EventDate "2015.07.11"]
[EventType "swiss"]
[EventRounds "9"]
[EventCountry "SCO"]
[SourceTitle "CBM 167 Extra"]
[Source "ChessBase"]
[SourceDate "2015.09.14"]
[SourceVersion "1"]
[SourceVersionDate "2015.09.14"]
[SourceQuality "1"]

1. b3 d5 2. Bb2 Bf5 3. Nf3 Nd7 4. g3 c6 5. Bg2 Qc7 6. d3 e5 7. 0-0 Ngf6 8. c4 d4 9. Na3 Be7 10. Nc2 0-0 11. b4 a5 12. a3 Nb6 13. b5 cxb5 14. cxb5 Na4 15. Bxd4 exd4 16. Ncxd4 Nc3 17. Qb3 Bg6 18. Rfc1 Rac8 19. Rc2 a4 20. Qb2 Nxe2+ 21. Rxe2 Bxd3 22. Re3 Bg6 23. b6 Qd8 24. Qb5 Bc5 25. Qxa4 Ra8 26. Qc4 Bxb6 27. Rb3 Be4 28. Rb5 Bd5 29. Qb4 Ba5 30. Qb2 Rc8 31. Rc1 Rxc1+ 32. Qxc1 b6 33. Nb3 Qd7 34. Qf1 Bc6 35. Re5 Bc3 36. Re3 Nd5 37. Re4 Bb2 38. Ne5 Bxe5 39. Rxe5 Qd6 40. Qa1 f6 41. Re2 Ra8 42. Rd2 Rd8 43. Qd1 Kf8 44. Nd4 Ba8 45. Nf5 Qxa3 46. Bxd5 Rc8 47. Qe2 Re8 48. Ne3 Bxd5 49. Rxd5 Qb3 50. Qd3 Qa2 51. Rd8 Qa1+ 52. Kg2 1-0

[Event "SCO-ch 122nd"]
[Site "Edinburgh"]
[Date "2015.07.13"]
[Round "3"]
[White "Mollison, Jamie"]
[Black "Pritchett, Craig William"]
[Result "0-1"]
[WhiteElo "1888"]
[BlackElo "2324"]
[PlyCount "100"]
[EventDate "2015.07.11"]
[EventType "swiss"]
[EventRounds "9"]
[EventCountry "SCO"]
[SourceTitle "CBM 167 Extra"]
[Source "ChessBase"]
[SourceDate "2015.09.14"]
[SourceVersion "1"]
[SourceVersionDate "2015.09.14"]
[SourceQuality "1"]

1. d4 Nf6 2. Nf3 e6 3. e3 b6 4. Bd3 Bb7 5. Nbd2 c5 6. 0-0 Be7 7. b3 0-0 8. Bb2 Nc6 9. a3 d5 10. Ne5 Nxe5 11. dxe5 Ne4 12. f4 Rc8 13. Nxe4 dxe4 14. Be2 Qc7 15. Qe1 Rcd8 16. Rd1 Rxd1 17. Qxd1 a6 18. a4 Qc6 19. c4 g6 20. Qc1 Qc7 21. Rd1 Bc6 22. Rd2 Rb8 23. Rc2 Qd7 24. Rd2 Qe8 25. Rc2 h5 26. Bf1 b5 27. axb5 axb5 28. cxb5 Bxb5 29. Bxb5 Qxb5 30. Ba3 Kg7 31. Bxc5 Bxc5 32. Rxc5 Qxb3 33. Rc3 Qa2 34. Rc2 Qd5 35. Qd2 Rb1+ 36. Kf2 Qb5 37. Qe2 Qb3 38. Qc4 Qb7 39. Qc6 Qb4 40. Qc3 Qa4 41. Qc6 Qb4 42. Qc3 Qe7 43. g3 Qb7 44. Qc6 Qb4 45. Qc3 Qa4 46. Qc6 Qa1 47. Qc4 Rh1 48. Kg2 Qg1+ 49. Kh3 h4 50. Rg2 Rxh2+ 0-1

[Event "Ayr Shire & Arran Congress"]
[Site "Ayr"]
[Date "2014.05.25"]
[Round "5"]
[White "Kleboe, James PR"]
[Black "Mollison, Jamie"]
[Result "1/2-1/2"]
[WhiteElo "1760"]
[BlackElo "1804"]
[PlyCount "78"]
[EventDate "2014.05.??"]
[EventType "swiss"]
[EventRounds "5"]
[EventCountry "SCO"]
[SourceTitle "EXT 2023"]
[Source "ChessBase"]
[SourceDate "2022.10.05"]
[SourceVersion "1"]
[SourceVersionDate "2022.10.05"]
[SourceQuality "1"]

1. e4 e6 2. d4 d5 3. Bd3 dxe4 4. Bxe4 Nf6 5. Bg5 Be7 6. Bd3 Nbd7 7. Nf3 c5 8. c3 0-0 9. 0-0 b6 10. Nbd2 Bb7 11. Qe2 h6 12. Bf4 Re8 13. Rfe1 Nh7 14. Bg3 Ndf6 15. Rad1 a6 16. Nb3 cxd4 17. Nbxd4 Qc8 18. Qc2 Nf8 19. Ne5 Nh5 20. f4 Nxg3 21. hxg3 Bf6 22. Ndf3 Rd8 23. Kh2 Qc5 24. Qe2 b5 25. Qe3 Qxe3 26. Rxe3 Be7 27. Nd4 Rac8 28. Be2 Bc5 29. Red3 f6 30. Nef3 Kf7 31. Nb3 Rxd3 32. Rxd3 Bb6 33. Nfd2 Rd8 34. Rxd8 Bxd8 35. Nc5 Bc8 36. Bf3 Bb6 37. b4 Ke7 38. Ndb3 Nd7 39. Nxd7 Kxd7 1/2-1/2

[Event "West Bromwich e2e4 op"]
[Site "West Bromwich"]
[Date "2014.02.23"]
[Round "5"]
[White "Paterson, Andrew I"]
[Black "Mollison, Jamie"]
[Result "1-0"]
[WhiteElo "2142"]
[BlackElo "1857"]
[PlyCount "55"]
[EventDate "2014.02.21"]
[EventType "swiss"]
[EventRounds "5"]
[EventCountry "ENG"]
[SourceTitle "CBM 159 Extra"]
[Source "ChessBase"]
[SourceDate "2014.04.24"]
[SourceVersion "1"]
[SourceVersionDate "2014.04.24"]
[SourceQuality "1"]

1. e4 e6 2. d4 d5 3. Nd2 dxe4 4. Nxe4 Nd7 5. Nf3 Ngf6 6. Nxf6+ Nxf6 7. Bd3 c5 8. Be3 Nd5 9. 0-0 Nxe3 10. fxe3 f6 11. Ne5 fxe5 12. Qh5+ Kd7 13. Rf7+ Kc6 14. Qxe5 Qd6 15. Qe4+ Qd5 16. Qh4 g5 17. Qf2 cxd4 18. Be2 Qd6 19. Bf3+ Kb6 20. Rd1 Qe5 21. exd4 Qa5 22. Rd3 Qxa2 23. Rb3+ Qxb3 24. cxb3 Bd6 25. b4 Bxb4 26. Qc2 a6 27. Qc7+ Ka7 28. Qxb7+ 1-0

[Event "West Bromwich e2e4 op"]
[Site "West Bromwich"]
[Date "2014.02.21"]
[Round "1"]
[White "Healey, Michael W"]
[Black "Mollison, Jamie"]
[Result "1-0"]
[WhiteElo "2135"]
[BlackElo "1857"]
[PlyCount "51"]
[EventDate "2014.02.21"]
[EventType "swiss"]
[EventRounds "5"]
[EventCountry "ENG"]
[SourceTitle "CBM 159 Extra"]
[Source "ChessBase"]
[SourceDate "2014.04.24"]
[SourceVersion "1"]
[SourceVersionDate "2014.04.24"]
[SourceQuality "1"]

1. e4 e6 2. b3 d5 3. Bb2 dxe4 4. Nc3 Nf6 5. Qe2 Be7 6. 0-0-0 a5 7. a4 Nc6 8. Nxe4 Nxe4 9. Qxe4 Bf6 10. d4 Qd5 11. Qe3 Nb4 12. Nf3 0-0 13. Ne5 Bxe5 14. dxe5 Na2+ 15. Kb1 Qxd1+ 16. Kxa2 Bd7 17. h4 Kh8 18. h5 b5 19. h6 g6 20. Qf4 f5 21. exf6 Rf7 22. Bxb5 Qxh1 23. Bxd7 Qe1 24. Qc4 Rxd7 25. f7+ e5 26. Qe6 1-0

[Event "Novy Bor op-A"]
[Site "Novy Bor"]
[Date "2013.02.15"]
[Round "8"]
[White "Liduch, Filip"]
[Black "Mollison, Jamie"]
[Result "1-0"]
[WhiteElo "1799"]
[BlackElo "1873"]
[PlyCount "61"]
[EventDate "2013.02.09"]
[EventType "swiss"]
[EventRounds "9"]
[EventCountry "CZE"]
[SourceTitle "CBM 152 Extra"]
[Source "ChessBase"]
[SourceDate "2013.02.25"]
[SourceVersion "1"]
[SourceVersionDate "2013.02.25"]
[SourceQuality "1"]

1. e4 e6 2. d4 d5 3. e5 c5 4. c3 Nc6 5. Nf3 Qb6 6. a3 c4 7. Nbd2 Na5 8. Be2 Bd7 9. 0-0 Ne7 10. Re1 Qc7 11. Rb1 Nc8 12. Bf1 Nb6 13. Qe2 Be7 14. h3 f6 15. exf6 gxf6 16. Nh2 0-0-0 17. b3 cxb3 18. Nxb3 Nac4 19. Qa2 Bd6 20. Ng4 Rdf8 21. Ne3 Rhg8 22. Nxc4 Nxc4 23. Nd2 b5 24. a4 a6 25. axb5 axb5 26. Nxc4 dxc4 27. Qa8+ Qb8 28. Qa6+ Kc7 29. Bxc4 Bc6 30. Qa5+ Kd7 31. Bxe6+ 1-0

[Event "Edinburgh op"]
[Site "Edinburgh"]
[Date "2012.04.01"]
[Round "5"]
[White "Grant, Alan"]
[Black "Mollison, Jamie"]
[Result "1-0"]
[WhiteElo "2177"]
[BlackElo "1911"]
[PlyCount "99"]
[EventDate "2012.03.30"]
[EventType "swiss"]
[EventRounds "5"]
[EventCountry "SCO"]
[SourceTitle "EXT 2014"]
[Source "ChessBase"]
[SourceDate "2013.11.20"]
[SourceVersion "1"]
[SourceVersionDate "2013.11.20"]
[SourceQuality "1"]

1. Nf3 Nf6 2. c4 e6 3. g3 a6 4. Nc3 c5 5. Bg2 Be7 6. 0-0 0-0 7. b3 d6 8. d4 cxd4 9. Nxd4 Qc7 10. Bb2 Bd7 11. Rc1 Nc6 12. Nc2 Rab8 13. Ne3 Ne5 14. h3 Bc6 15. Ncd5 Qd8 16. f4 Ng6 17. Nxe7+ Qxe7 18. Bxf6 gxf6 19. Qd4 Bxg2 20. Kxg2 Rfe8 21. Ng4 Kg7 22. Qd2 h5 23. Ne3 Kh7 24. Rcd1 Rbd8 25. Qa5 f5 26. Rd2 Rd7 27. a4 Rg8 28. Kh2 Nh4 29. Rg1 Ng6 30. Rdd1 Rdd8 31. Qe1 Qf6 32. Qf2 Kg7 33. Rd3 Rh8 34. h4 Rd7 35. Rgd1 Rhd8 36. Qf3 Kh6 37. Kh3 Qe7 38. R1d2 Nf8 39. Nd1 Nh7 40. Nc3 Nf6 41. e4 fxe4 42. Nxe4 Nxe4 43. Qxe4 Qf6 44. Rd4 Qg6 45. f5 exf5 46. Qf4+ Kg7 47. Rd5 Qg4+ 48. Kh2 Qxf4 49. gxf4 Kg6 50. Rg2+ 1-0

[Event "SCO-ch 118th"]
[Site "Edinburgh"]
[Date "2011.07.14"]
[Round "6"]
[White "Mollison, Jamie"]
[Black "Schmerwitz, Reinhard"]
[Result "1-0"]
[WhiteElo "1919"]
[BlackElo "1895"]
[PlyCount "87"]
[EventDate "2011.07.09"]
[EventType "swiss"]
[EventRounds "9"]
[EventCountry "SCO"]
[SourceTitle "CBM 143 Extra"]
[Source "ChessBase"]
[SourceDate "2011.08.29"]
[SourceVersion "1"]
[SourceVersionDate "2011.08.29"]
[SourceQuality "1"]

1. Nf3 Nf6 2. b3 d5 3. Bb2 Bf5 4. d3 e6 5. g3 Be7 6. Bg2 0-0 7. 0-0 h6 8. c4 c6 9. a3 Nbd7 10. Nc3 Qc7 11. Rc1 Rac8 12. Nd4 Bg6 13. cxd5 exd5 14. b4 Qd6 15. Na4 Ne8 16. Qb3 Nc7 17. Nc5 Nxc5 18. bxc5 Qd8 19. Bh3 Rb8 20. Rc2 Bf6 21. Qa4 Bxd4 22. Qxd4 f6 23. a4 Qe7 24. Bc1 Kh7 25. Bf4 Rfe8 26. Rb1 f5 27. Qc3 Ne6 28. Bd6 Qf7 29. Bxb8 Rxb8 30. Rcb2 Ng5 31. Bg2 f4 32. Qe5 f3 33. exf3 Re8 34. Qf4 Qe6 35. h4 Nf7 36. Qd2 Ne5 37. Rxb7 Bxd3 38. R1b3 Bc4 39. Re3 Qc8 40. Qc2+ Kh8 41. Rb1 Nd7 42. Bh3 Rxe3 43. fxe3 Qe8 44. Bxd7 1-0

[Event "SCO-ch 118th"]
[Site "Edinburgh"]
[Date "2011.07.13"]
[Round "5"]
[White "Mollison, Jamie"]
[Black "Lampard, Alice"]
[Result "1-0"]
[WhiteElo "1919"]
[BlackElo "1523"]
[PlyCount "83"]
[EventDate "2011.07.09"]
[EventType "swiss"]
[EventRounds "9"]
[EventCountry "SCO"]
[SourceTitle "EXT 2023"]
[Source "ChessBase"]
[SourceDate "2022.10.05"]
[SourceVersion "1"]
[SourceVersionDate "2022.10.05"]
[SourceQuality "1"]

1. Nf3 d5 2. b3 Nc6 3. Bb2 Nf6 4. e3 e6 5. Bb5 Bd7 6. Bxc6 Bxc6 7. Ne5 Nd7 8. Nxc6 bxc6 9. f4 c5 10. Qe2 c6 11. 0-0 Rb8 12. d3 Qb6 13. Nc3 a5 14. Na4 Qa7 15. Kh1 Nf6 16. g4 Nd7 17. g5 Qc7 18. Qf3 f5 19. e4 d4 20. exf5 exf5 21. Rae1+ Kd8 22. c3 Qd6 23. Qf2 dxc3 24. Bxc3 Qxd3 25. Bxa5+ Kc8 26. Qf3 Qxf3+ 27. Rxf3 Bd6 28. Re6 Rb5 29. Rxd6 Rxa5 30. Rxc6+ Kb7 31. Rd6 Kc7 32. Rfd3 Nb8 33. R6d5 c4 34. Rxa5 cxd3 35. Rd5 Rd8 36. Rxd8 Kxd8 37. Nb2 d2 38. Kg2 Na6 39. Kf3 Nc5 40. Ke2 Ne4 41. a4 Kc7 42. Nc4 1-0

[Event "Edinburgh CC op"]
[Site "Edinburgh"]
[Date "2011.06.11"]
[Round "6"]
[White "Marks, Ian Alexander"]
[Black "Mollison, Jamie"]
[Result "1/2-1/2"]
[WhiteElo "1919"]
[BlackElo "1917"]
[PlyCount "82"]
[EventDate "2011.06.04"]
[EventType "swiss"]
[EventRounds "8"]
[EventCountry "SCO"]
[SourceTitle "EXT 2013"]
[Source "ChessBase"]
[SourceDate "2012.11.22"]
[SourceVersion "1"]
[SourceVersionDate "2012.11.22"]
[SourceQuality "1"]

1. e4 c5 2. Nf3 d6 3. d4 cxd4 4. Nxd4 Nf6 5. Nc3 a6 6. Be3 e6 7. f3 Qc7 8. Qd2 Be7 9. 0-0-0 Nc6 10. g4 Nd7 11. f4 b5 12. Qf2 Bb7 13. Bg2 b4 14. Nce2 Nxd4 15. Bxd4 Rc8 16. Ng3 Bf6 17. g5 Bxd4 18. Rxd4 Nc5 19. Rhd1 b3 20. Kb1 bxa2+ 21. Kxa2 Rd8 22. Qd2 Ke7 23. f5 h6 24. f6+ gxf6 25. gxf6+ Kxf6 26. e5+ dxe5 27. Rxd8 Rxd8 28. Qxd8+ Qxd8 29. Rxd8 Bxg2 30. b4 Nb7 31. Ra8 Bd5+ 32. Kb2 Bc4 33. Rh8 Nd6 34. Kc3 Bd5 35. Rxh6+ Kg5 36. Rh5+ Kf6 37. Rh8 Kg7 38. Rd8 Nb5+ 39. Kd3 Na3 40. Ne4 Nxc2 41. Rb8 Ne1+ 1/2-1/2

[Event "Edinburgh CC op"]
[Site "Edinburgh"]
[Date "2011.06.05"]
[Round "4"]
[White "Murdochy, Shivan"]
[Black "Mollison, Jamie"]
[Result "1/2-1/2"]
[WhiteElo "1864"]
[BlackElo "1917"]
[PlyCount "24"]
[EventDate "2011.06.04"]
[EventType "swiss"]
[EventRounds "8"]
[EventCountry "SCO"]
[SourceTitle "EXT 2013"]
[Source "ChessBase"]
[SourceDate "2012.11.22"]
[SourceVersion "1"]
[SourceVersionDate "2012.11.22"]
[SourceQuality "1"]

1. d4 Nf6 2. c4 e6 3. Nc3 Bb4 4. f3 Nc6 5. e4 e5 6. d5 Nd4 7. a3 Be7 8. Be3 c5 9. Bd3 0-0 10. Nge2 d6 11. 0-0 Ne8 12. Ng3 g5 1/2-1/2

[Event "Edinburgh CC op"]
[Site "Edinburgh"]
[Date "2011.06.04"]
[Round "1"]
[White "MacRae, James"]
[Black "Mollison, Jamie"]
[Result "0-1"]
[WhiteElo "1770"]
[BlackElo "1917"]
[PlyCount "68"]
[EventDate "2011.06.04"]
[EventType "swiss"]
[EventRounds "8"]
[EventCountry "SCO"]
[SourceTitle "EXT 2013"]
[Source "ChessBase"]
[SourceDate "2012.11.22"]
[SourceVersion "1"]
[SourceVersionDate "2012.11.22"]
[SourceQuality "1"]

1. d4 e6 2. Nf3 c5 3. e3 Nf6 4. Bd3 b6 5. 0-0 Bb7 6. Nbd2 Nc6 7. c3 Qc7 8. Qe2 Be7 9. e4 d5 10. exd5 Nxd5 11. dxc5 Nf4 12. Qe3 Bxc5 13. Nd4 Nxd3 14. Qxd3 Nxd4 15. cxd4 Rd8 16. Nb3 Bd6 17. f4 Bd5 18. Qc3 Qb7 19. Qg3 0-0 20. Bd2 Bxb3 21. Qxb3 Bc5 22. Be3 Bxd4 23. Rad1 Bxe3+ 24. Qxe3 Rd5 25. Rd4 Rfd8 26. Rfd1 Rxd4 27. Rxd4 Rxd4 28. Qxd4 Qd5 29. Qa4 Qc5+ 30. Kf1 b5 31. Qe4 Qc1+ 32. Kf2 Qxb2+ 33. Kg3 Qc3+ 34. Kh4 Qf6+ 0-1

[Event "Edinburgh op"]
[Site "Edinburgh"]
[Date "2011.04.01"]
[Round "1"]
[White "McHarg, Andrew"]
[Black "Mollison, Jamie"]
[Result "0-1"]
[WhiteElo "1696"]
[BlackElo "1917"]
[PlyCount "112"]
[EventDate "2011.04.01"]
[EventType "swiss"]
[EventRounds "5"]
[EventCountry "SCO"]
[SourceTitle "EXT 2013"]
[Source "ChessBase"]
[SourceDate "2012.11.22"]
[SourceVersion "1"]
[SourceVersionDate "2012.11.22"]
[SourceQuality "1"]

1. d4 Nf6 2. c4 e6 3. Nc3 Bb4 4. Qc2 c5 5. e3 Nc6 6. Nf3 cxd4 7. exd4 d5 8. a3 Qa5 9. Bd2 Ne4 10. Bd3 Nxd2 11. Qxd2 dxc4 12. Bxc4 0-0 13. 0-0 Bxc3 14. bxc3 Ne7 15. Rfb1 a6 16. Ne5 Nd5 17. Bxd5 Qxd5 18. c4 Qd6 19. c5 Qd5 20. Rb6 Rd8 21. Rd1 f6 22. Nf3 Bd7 23. Rd6 Qb3 24. Qd3 Ba4 25. Qxb3 Bxb3 26. Rxd8+ Rxd8 27. Rd2 Bd5 28. Ne1 Bc6 29. Nc2 e5 30. f3 Ba4 31. Ne3 exd4 32. Nc4 d3 33. Kf2 Bc2 34. Ke3 Rd5 35. Nb2 Rxc5 36. Nxd3 Rc3 37. Kd4 Rxd3+ 38. Rxd3 Bxd3 39. Kxd3 Kf7 40. Kd4 Ke7 41. Kc5 Kd7 42. Kb6 Kc8 43. h4 g6 44. g4 h5 45. gxh5 gxh5 46. a4 Kb8 47. a5 Kc8 48. f4 f5 49. Kc5 Kc7 50. Kd5 b5 51. Kc5 Kd7 52. Kd5 Ke7 53. Ke5 b4 54. Kd4 Kd6 55. Kc4 b3 56. Kxb3 Kc5 0-1

[Event "London Classic Busy op"]
[Site "London"]
[Date "2010.12.12"]
[Round "5"]
[White "Ponting, Andrew"]
[Black "Mollison, Jamie"]
[Result "1/2-1/2"]
[WhiteElo "1860"]
[BlackElo "1906"]
[PlyCount "26"]
[EventDate "2010.12.11"]
[EventType "swiss"]
[EventRounds "5"]
[EventCountry "ENG"]
[SourceTitle "CBM 139 Extra"]
[Source "ChessBase"]
[SourceDate "2011.01.05"]
[SourceVersion "1"]
[SourceVersionDate "2011.01.05"]
[SourceQuality "1"]

1. d4 e6 2. e4 d5 3. Nc3 dxe4 4. Nxe4 Nd7 5. Nf3 Ngf6 6. Bg5 Be7 7. Bxf6 Nxf6 8. Bd3 0-0 9. Qe2 Nd5 10. 0-0-0 Nf4 11. Qf1 Nxd3+ 12. Qxd3 b6 13. Rhe1 Bb7 1/2-1/2

[Event "London Classic Busy op"]
[Site "London"]
[Date "2010.12.11"]
[Round "1"]
[White "Keuneke, Hanno"]
[Black "Mollison, Jamie"]
[Result "1/2-1/2"]
[WhiteElo "1745"]
[BlackElo "1906"]
[PlyCount "90"]
[EventDate "2010.12.11"]
[EventType "swiss"]
[EventRounds "5"]
[EventCountry "ENG"]
[SourceTitle "CBM 139 Extra"]
[Source "ChessBase"]
[SourceDate "2011.01.05"]
[SourceVersion "1"]
[SourceVersionDate "2011.01.05"]
[SourceQuality "1"]

1. e4 c5 2. Nf3 d6 3. d4 cxd4 4. Nxd4 Nf6 5. Nc3 a6 6. Bg5 e6 7. f4 Be7 8. Qf3 Qc7 9. 0-0-0 Nc6 10. Nxc6 bxc6 11. e5 Nd5 12. Bxe7 Kxe7 13. exd6+ Qxd6 14. Nxd5+ cxd5 15. Bc4 Bb7 16. Rhe1 Rhd8 17. f5 Rab8 18. fxe6 fxe6 19. Qg4 Rf8 20. Qxg7+ Rf7 21. Qg5+ Kd7 22. Bb3 Qf4+ 23. Qxf4 Rxf4 24. Re2 Rbf8 25. Rde1 R8f6 26. g3 Rf3 27. c4 Kd6 28. cxd5 exd5 29. Rd2 Rf1 30. Rxf1 Rxf1+ 31. Kc2 Kc5 32. Kd3 Rf3+ 33. Ke2 d4 34. Rc2+ Kd6 35. Rc4 Re3+ 36. Kd2 Ke5 37. Rc7 Be4 38. Re7+ Kd6 39. Re6+ Kc5 40. Rxa6 Rd3+ 41. Ke1 Re3+ 42. Kd2 Rd3+ 43. Kc1 Re3 44. Ra5+ Kd6 45. Ra6+ Ke5 1/2-1/2